Sinh học lớp 11

Đã lưu trong:
Bibliografiske detaljer
Hovedforfatter: Hoàng Đức Nhuận
Format: Bog
Sprog:Undetermined
Udgivet: Hà Nội Giáo dục 1991
Fag:
Tags: Tilføj Tag
Ingen Tags, Vær først til at tagge denne postø!
Thư viện lưu trữ: Trung tâm Học liệu Trường Đại học Cần Thơ
LEADER 00529nam a2200181Ia 4500
001 CTU_3470
008 210402s9999 xx 000 0 und d
082 |a 574.07 
082 |b Nh502 
100 |a Hoàng Đức Nhuận 
245 0 |a Sinh học lớp 11 
245 0 |c Hoàng Đức Nhuận, Đặng Hữu Lanh 
260 |a Hà Nội 
260 |b Giáo dục 
260 |c 1991 
650 |a biology - study and teaching 
904 |i Minh, 960909 
980 |a Trung tâm Học liệu Trường Đại học Cần Thơ